[Event "Catalunya-ch Seniors"]
[Site "Malgrat del Mar"]
[Date "2023.05.21"]
[Round "8"]
[White "Tejero Royo, Fermin"]
[Black "Garcia Paolicchi, Raul"]
[Result "1/2-1/2"]
[WhiteElo "1951"]
[BlackElo "2090"]
[PlyCount "52"]
[EventDate "2023.05.14"]
[EventType "swiss"]
[EventRounds "8"]
[EventCountry "ESP"]
[SourceTitle "CBM 214 Extra"]
[Source "ChessBase"]
[SourceDate "2023.07.31"]
[SourceVersion "1"]
[SourceVersionDate "2023.07.31"]
[SourceQuality "1"]

1. e4 c5 2. c3 d5 3. exd5 Qxd5 4. d4 e6 5. Nf3 Nc6 6. Be3 cxd4 7. Nxd4 Nxd4 8. Qxd4 Nf6 9. c4 Bb4+ 10. Nc3 Qxd4 11. Bxd4 0-0 12. a3 Be7 13. Be2 Rd8 14. 0-0-0 Bd7 15. Be5 Bc6 16. f3 Kf8 17. Rxd8+ Rxd8 18. Rd1 Rxd1+ 19. Kxd1 Nd7 20. Bd4 b6 21. Kc2 Bc5 22. Kd3 Bxd4 23. Kxd4 e5+ 24. Ke3 Ke7 25. Bd3 Ke6 26. g4 g6 1/2-1/2

[Event "Catalunya-ch Seniors"]
[Site "Vila Seca"]
[Date "2017.05.26"]
[Round "7"]
[White "Mengual Jerez, Antonio"]
[Black "Tejero Royo, Fermin"]
[Result "0-1"]
[WhiteElo "1735"]
[BlackElo "2058"]
[PlyCount "28"]
[EventDate "2017.05.20"]
[EventType "swiss"]
[EventRounds "9"]
[EventCountry "ESP"]
[SourceTitle "CBM 178 Extra"]
[Source "ChessBase"]
[SourceDate "2017.06.22"]
[SourceVersion "1"]
[SourceVersionDate "2017.06.22"]
[SourceQuality "1"]

1. d4 Nf6 2. Nf3 g6 3. c4 Bg7 4. Nc3 d5 5. cxd5 Nxd5 6. Nxd5 Qxd5 7. e3 0-0 8. Be2 c5 9. 0-0 Nc6 10. dxc5 Qxc5 11. a3 Rd8 12. Qa4 a6 13. Rb1 b5 14. b4 Qf5 0-1

[Event "Catalunya-ch Seniors"]
[Site "Vila Seca"]
[Date "2017.05.20"]
[Round "1"]
[White "Valarezo Ricard, Pedro"]
[Black "Tejero Royo, Fermin"]
[Result "1-0"]
[WhiteElo "1881"]
[BlackElo "2058"]
[PlyCount "55"]
[EventDate "2017.05.20"]
[EventType "swiss"]
[EventRounds "9"]
[EventCountry "ESP"]
[SourceTitle "CBM 178 Extra"]
[Source "ChessBase"]
[SourceDate "2017.06.22"]
[SourceVersion "1"]
[SourceVersionDate "2017.06.22"]
[SourceQuality "1"]

1. d4 d5 2. Nf3 e6 3. Bf4 c5 4. e3 Nc6 5. c3 f5 6. Nbd2 Nf6 7. Ne5 Nxe5 8. dxe5 Nd7 9. Bd3 Be7 10. Qh5+ g6 11. Qe2 c4 12. Bc2 Nc5 13. b4 Ne4 14. Bxe4 fxe4 15. Rd1 Bd7 16. f3 Ba4 17. Rc1 exf3 18. Nxf3 Qd7 19. Nd4 h5 20. 0-0 0-0-0 21. h3 Rde8 22. e4 g5 23. Bg3 Bd8 24. Rf2 Qg7 25. Rcf1 Re7 26. exd5 exd5 27. e6 Bb6 28. Be5 1-0

[Event "La Pobla de Lillet op 26th"]
[Site "La Pobla de Lillet"]
[Date "2016.08.04"]
[Round "3.7"]
[White "Tejero Royo, Fermin"]
[Black "Renteria Becerra, Jorge Elicer"]
[Result "0-1"]
[WhiteElo "2012"]
[BlackElo "2264"]
[PlyCount "54"]
[EventDate "2016.08.02"]
[EventType "swiss"]
[EventRounds "9"]
[EventCountry "ESP"]
[SourceTitle "EXT 2024"]
[Source "ChessBase"]
[SourceDate "2023.10.10"]
[SourceVersion "1"]
[SourceVersionDate "2023.10.10"]
[SourceQuality "1"]

1. g3 g6 2. Bg2 Bg7 3. d4 c5 4. dxc5 Na6 5. Nc3 Nxc5 6. Nf3 Nf6 7. 0-0 0-0 8. Bf4 d6 9. a4 a6 10. Nd2 Ne6 11. Nc4 Nxf4 12. gxf4 Qc7 13. Qd3 d5 14. Ne5 Be6 15. e3 Rad8 16. Rfc1 Bf5 17. Qd2 Ne4 18. Nxe4 dxe4 19. Qb4 Bxe5 20. fxe5 Rd5 21. f3 a5 22. Qc3 Rc5 23. Qd2 exf3 24. Bxf3 Rd8 25. Qg2 Qxe5 26. e4 Be6 27. c3 Qf4 0-1

[Event "Catalunya-ch Seniors"]
[Site "Vila Seca"]
[Date "2016.05.27"]
[Round "7"]
[White "Dominguez Rueda, Juan"]
[Black "Tejero Royo, Fermin"]
[Result "1-0"]
[WhiteElo "2051"]
[BlackElo "1989"]
[PlyCount "55"]
[EventDate "2016.05.21"]
[EventType "swiss"]
[EventRounds "9"]
[EventCountry "ESP"]
[SourceTitle "CBM 172 Extra"]
[Source "ChessBase"]
[SourceDate "2016.06.21"]
[SourceVersion "1"]
[SourceVersionDate "2016.06.21"]
[SourceQuality "1"]

1. e4 e5 2. Nf3 Nc6 3. Bc4 Nf6 4. d3 Be7 5. 0-0 d6 6. c3 Bg4 7. Nbd2 Qd7 8. Bb3 Bh5 9. Nc4 Nd8 10. Re1 Ne6 11. d4 exd4 12. cxd4 Bxf3 13. gxf3 Nh5 14. Kh1 Nef4 15. Rg1 Nh3 16. Rg2 Bh4 17. Qf1 0-0-0 18. Be3 f5 19. e5 d5 20. Na3 f4 21. Rg4 fxe3 22. Qxh3 g5 23. fxe3 Ng7 24. Bxd5 Nf5 25. Rgg1 Rdf8 26. Bb3 Bf2 27. Rxg5 Ng3+ 28. Rxg3 1-0

[Event "Catalunya-ch Seniors"]
[Site "Vila Seca"]
[Date "2016.05.26"]
[Round "6"]
[White "Tejero Royo, Fermin"]
[Black "Anguera Maestro, Jaime"]
[Result "1/2-1/2"]
[WhiteElo "1989"]
[BlackElo "2087"]
[PlyCount "37"]
[EventDate "2016.05.21"]
[EventType "swiss"]
[EventRounds "9"]
[EventCountry "ESP"]
[SourceTitle "CBM 172 Extra"]
[Source "ChessBase"]
[SourceDate "2016.06.21"]
[SourceVersion "1"]
[SourceVersionDate "2016.06.21"]
[SourceQuality "1"]

1. e4 d5 2. exd5 Qxd5 3. Nc3 Qd8 4. g3 Nf6 5. Bg2 g6 6. d3 Bg7 7. Bg5 c6 8. Qd2 h6 9. Bf4 Nd5 10. Nxd5 cxd5 11. d4 Nc6 12. Nf3 Bf5 13. c3 Be4 14. Nh4 Bxg2 15. Nxg2 Rc8 16. 0-0 Qd7 17. Ne1 Qh3 18. Nd3 0-0 19. f3 1/2-1/2

[Event "La Pobla de Lillet op 25th A"]
[Site "La Pobla de Lillet"]
[Date "2015.08.08"]
[Round "8.9"]
[White "Tejero Royo, Fermin"]
[Black "Menac Comas, Joan Ramon"]
[Result "0-1"]
[WhiteElo "2043"]
[BlackElo "2115"]
[PlyCount "76"]
[EventDate "2015.08.01"]
[EventType "swiss"]
[EventRounds "9"]
[EventCountry "ESP"]
[SourceTitle "EXT 2024"]
[Source "ChessBase"]
[SourceDate "2023.10.10"]
[SourceVersion "1"]
[SourceVersionDate "2023.10.10"]
[SourceQuality "1"]

1. e4 c5 2. c3 g6 3. d4 cxd4 4. cxd4 d5 5. exd5 Nf6 6. Bb5+ Bd7 7. Bc4 Bg7 8. Nc3 0-0 9. Nf3 Bg4 10. h3 Bxf3 11. Qxf3 Nbd7 12. 0-0 Nb6 13. Bb3 a5 14. a4 Qd7 15. Bg5 Rac8 16. Rfe1 h6 17. Bh4 Rfe8 18. Rad1 Nc4 19. Re2 Nd6 20. Bg3 Nf5 21. Be5 Red8 22. Ne4 Nxd5 23. Nc5 Qc6 24. Bxg7 Kxg7 25. g4 Nh4 26. Qe4 Nf4 27. Re3 Qxe4 28. Nxe4 e6 29. Nc3 g5 30. Kh2 Nhg6 31. Kg3 Ne7 32. Re5 Nc6 33. Rc5 b6 34. Rc4 Nb4 35. h4 Nbd3 36. hxg5 hxg5 37. Rxc8 Rxc8 38. Nd5 Nxb2 0-1

[Event "La Pobla de Lillet op 25th A"]
[Site "La Pobla de Lillet"]
[Date "2015.08.07"]
[Round "7.7"]
[White "Tejero Royo, Fermin"]
[Black "Prats Rodriguez, Juan Bosco"]
[Result "0-1"]
[WhiteElo "2043"]
[BlackElo "1994"]
[PlyCount "102"]
[EventDate "2015.08.01"]
[EventType "swiss"]
[EventRounds "9"]
[EventCountry "ESP"]
[SourceTitle "EXT 2024"]
[Source "ChessBase"]
[SourceDate "2023.10.10"]
[SourceVersion "1"]
[SourceVersionDate "2023.10.10"]
[SourceQuality "1"]

1. d4 d5 2. Nf3 Nf6 3. g3 Bf5 4. Bg2 e6 5. c4 c6 6. Nc3 Be7 7. cxd5 exd5 8. 0-0 0-0 9. a3 a5 10. b3 Nbd7 11. Bb2 Ne4 12. Nd2 Nxc3 13. Bxc3 Nf6 14. b4 axb4 15. Bxb4 Bxb4 16. axb4 Qb6 17. Nf3 Qxb4 18. Nh4 Bg4 19. f3 Bh5 20. Qd3 Qb6 21. Rab1 Qc7 22. e4 dxe4 23. fxe4 Ra5 24. Qb3 Rb5 25. Qc4 Rxb1 26. Rxb1 Qd7 27. e5 Ng4 28. Be4 Rd8 29. Bf5 Qe7 30. Qc5 Qxc5 31. dxc5 Ne3 32. Rxb7 g5 33. g4 Nxg4 34. Bxg4 Bxg4 35. Ng2 Bf3 36. Ne3 h5 37. Nf5 Bd5 38. Rc7 Kh7 39. Ne7 Kg7 40. Nxc6 Bxc6 41. Rxc6 Rd1+ 42. Kg2 Rc1 43. Rc8 Kg6 44. c6 Kf5 45. h4 g4 46. Rh8 Kg6 47. Rg8+ Kh7 48. Rg5 Kh6 49. Rf5 Rxc6 50. Rxf7 Rc2+ 51. Kg3 Rc3+ 0-1

[Event "La Pobla de Lillet op 25th A"]
[Site "La Pobla de Lillet"]
[Date "2015.08.05"]
[Round "5.5"]
[White "Tejero Royo, Fermin"]
[Black "Capellades Subirana, Marc"]
[Result "0-1"]
[WhiteElo "2043"]
[BlackElo "2199"]
[PlyCount "96"]
[EventDate "2015.08.01"]
[EventType "swiss"]
[EventRounds "9"]
[EventCountry "ESP"]
[SourceTitle "EXT 2024"]
[Source "ChessBase"]
[SourceDate "2023.10.10"]
[SourceVersion "1"]
[SourceVersionDate "2023.10.10"]
[SourceQuality "1"]

1. e4 e5 2. Nf3 Nc6 3. Bb5 g6 4. c3 Bg7 5. 0-0 Nge7 6. Re1 0-0 7. d3 h6 8. Nbd2 d6 9. Nf1 f5 10. exf5 Nxf5 11. d4 exd4 12. Bxc6 bxc6 13. Nxd4 Nxd4 14. cxd4 Qf6 15. Be3 Rb8 16. Re2 Be6 17. Qa4 Bd5 18. Rae1 Qf7 19. b3 Rbe8 20. Qa5 Kh7 21. Qd2 Re6 22. Ng3 h5 23. Bg5 Rfe8 24. Rxe6 Rxe6 25. Rxe6 Qxe6 26. Ne2 Qg4 27. Ng3 Qxd4 28. Qxd4 Bxd4 29. Ne2 Bb6 30. Nc3 Kg7 31. Na4 Ba5 32. Kf1 c5 33. Nb2 Bc3 34. Nc4 Bf6 35. Bd2 Be4 36. Ba5 d5 37. Nd2 Bd3+ 38. Ke1 Be5 39. Nf3 Bd6 40. Kd2 Bb1 41. Kc3 Be4 42. Ne1 Bxh2 43. g3 Bg1 44. f3 Bd4+ 45. Kd2 Bb1 46. Bc3 Bxc3+ 47. Kxc3 g5 48. a3 h4 0-1

[Event "Catalunya-ch Seniors 31st"]
[Site "Santa Susanna"]
[Date "2015.05.24"]
[Round "2"]
[White "Marza Vendrell, Conrado"]
[Black "Tejero Royo, Fermin"]
[Result "1/2-1/2"]
[WhiteElo "2091"]
[BlackElo "2202"]
[PlyCount "106"]
[EventDate "2015.05.23"]
[EventType "swiss"]
[EventRounds "9"]
[EventCountry "CAT"]
[SourceTitle "CBM 166 Extra"]
[Source "ChessBase"]
[SourceDate "2015.06.18"]
[SourceVersion "1"]
[SourceVersionDate "2015.06.18"]
[SourceQuality "1"]

1. e4 e5 2. Nc3 Nf6 3. f4 d5 4. fxe5 Nxe4 5. d3 Nxc3 6. bxc3 c5 7. Nf3 Nc6 8. d4 cxd4 9. cxd4 Bb4+ 10. Bd2 Qa5 11. Bxb4 Qxb4+ 12. Qd2 Qxd2+ 13. Kxd2 Be6 14. Rb1 Na5 15. Bd3 h6 16. Rhf1 Ke7 17. Ke3 Rac8 18. Nd2 b6 19. Rf2 Rc3 20. Ke2 Rhc8 21. h3 Ra3 22. Rb2 Nc4 23. Bxc4 dxc4 24. Ne4 c3 25. Rb4 Rc4 26. Rxc4 Bxc4+ 27. Ke3 Bxa2 28. Kd3 b5 29. Nd6 b4 30. Ke4 Ra4 31. Nf5+ Kf8 32. Ne3 b3 33. cxb3 Bxb3 34. Kd3 c2 35. Nxc2 Ra2 36. Kc3 Ba4 37. d5 Ke7 38. Rd2 Rxc2+ 39. Rxc2 Bxc2 40. Kxc2 f6 41. e6 f5 42. Kd3 Kd6 43. Kc4 f4 44. Kb5 g5 45. Ka6 h5 46. Kb7 g4 47. hxg4 hxg4 48. e7 Kxe7 49. Kc7 f3 50. d6+ Ke6 51. gxf3 gxf3 52. d7 f2 53. d8Q f1Q 1/2-1/2

[Event "Catalunya-ch Seniors 30th"]
[Site "Barcelona"]
[Date "2014.05.18"]
[Round "2"]
[White "Tejero Royo, Fermin"]
[Black "Colom Andres, Xavier"]
[Result "1/2-1/2"]
[WhiteElo "2200"]
[BlackElo "2052"]
[PlyCount "58"]
[EventDate "2014.05.17"]
[EventType "swiss"]
[EventRounds "9"]
[EventCountry "ESP"]
[SourceTitle "CBM 160 Extra"]
[Source "ChessBase"]
[SourceDate "2014.07.01"]
[SourceVersion "1"]
[SourceVersionDate "2014.07.01"]
[SourceQuality "1"]

1. c4 c5 2. Nf3 Nc6 3. Nc3 g6 4. e3 Bg7 5. d4 cxd4 6. exd4 a6 7. Be2 e6 8. d5 exd5 9. Nxd5 Nge7 10. 0-0 0-0 11. Bf4 Nxd5 12. cxd5 Ne7 13. Qb3 Nf5 14. Rfe1 d6 15. Rad1 h5 16. Bg5 Bf6 17. Bxf6 Qxf6 18. a4 a5 19. Qb6 Qd8 20. Qb3 b6 21. Nd4 Nxd4 22. Rxd4 Re8 23. Qc3 Bd7 24. b3 Rc8 25. Bc4 Qf6 26. Rc1 Re7 27. Rf1 Re2 28. Qa1 Rce8 29. Rdd1 Qxa1 1/2-1/2

[Event "Benidorm op U2300 12th"]
[Site "Benidorm"]
[Date "2013.12.04"]
[Round "7"]
[White "Tejero Royo, Fermin"]
[Black "Ballesteros Gonzalez, David"]
[Result "0-1"]
[WhiteElo "2085"]
[BlackElo "2262"]
[PlyCount "76"]
[EventDate "2013.11.29"]
[EventType "swiss"]
[EventRounds "10"]
[EventCountry "ESP"]
[SourceTitle "CBM 157 Extra"]
[Source "ChessBase"]
[SourceDate "2013.12.19"]
[SourceVersion "1"]
[SourceVersionDate "2013.12.19"]
[SourceQuality "1"]

1. Nf3 Nf6 2. g3 g6 3. Bg2 Bg7 4. 0-0 0-0 5. d4 d6 6. c4 Nc6 7. Nc3 a6 8. h3 Rb8 9. a4 e5 10. Bg5 h6 11. Be3 exd4 12. Nxd4 Na5 13. b3 c5 14. Nf3 Be6 15. Rb1 Qd7 16. Kh2 g5 17. Bd2 Nc6 18. e4 g4 19. hxg4 Nxg4+ 20. Kg1 Nd4 21. Ne2 Nxe2+ 22. Qxe2 b5 23. axb5 axb5 24. Bf4 bxc4 25. bxc4 Rb4 26. Rbc1 Rd8 27. Rfd1 Qa4 28. Rxd6 Rxd6 29. Bxd6 Rb2 30. Qd1 Qc6 31. e5 Rxf2 32. Nh4 Qd7 33. Rb1 f5 34. Bxc5 Rd2 35. Qf1 Bxe5 36. Nxf5 Bxf5 37. Bd5+ Rxd5 38. cxd5 Bxb1 0-1

[Event "La Pobla de Lillet op 23rd"]
[Site "La Pobla de Lillet"]
[Date "2013.08.10"]
[Round "9"]
[White "Prats Rodriguez, Juan Bosco"]
[Black "Tejero Royo, Fermin"]
[Result "1-0"]
[WhiteElo "2031"]
[BlackElo "2119"]
[PlyCount "49"]
[EventDate "2013.08.02"]
[EventType "swiss"]
[EventRounds "9"]
[EventCountry "ESP"]
[SourceTitle "EXT 2014"]
[Source "ChessBase"]
[SourceDate "2013.11.20"]
[SourceVersion "1"]
[SourceVersionDate "2013.11.20"]
[SourceQuality "1"]

1. e4 e5 2. Nf3 Nc6 3. d4 exd4 4. Nxd4 Bc5 5. Be3 Qf6 6. c3 Nge7 7. Bc4 Ne5 8. Be2 d5 9. 0-0 h5 10. Nb5 Bd6 11. Bc5 Bxc5 12. Nxc7+ Kf8 13. Nxa8 Ng4 14. Bxg4 hxg4 15. g3 Qh6 16. h4 gxh3 17. Kh2 Bd6 18. Nd2 b6 19. exd5 Bb7 20. Nxb6 axb6 21. c4 f5 22. Re1 Qf6 23. Re6 Qd4 24. Qe2 Bb4 25. Nf3 1-0

[Event "La Pobla de Lillet op 23rd"]
[Site "La Pobla de Lillet"]
[Date "2013.08.08"]
[Round "7"]
[White "Cervello Tost, Ferran"]
[Black "Tejero Royo, Fermin"]
[Result "1/2-1/2"]
[WhiteElo "2049"]
[BlackElo "2119"]
[PlyCount "59"]
[EventDate "2013.08.02"]
[EventType "swiss"]
[EventRounds "9"]
[EventCountry "ESP"]
[SourceTitle "EXT 2014"]
[Source "ChessBase"]
[SourceDate "2013.11.20"]
[SourceVersion "1"]
[SourceVersionDate "2013.11.20"]
[SourceQuality "1"]

1. d4 d5 2. g3 Nf6 3. Bg2 g6 4. Nf3 Bg7 5. 0-0 0-0 6. c4 c6 7. cxd5 cxd5 8. Nc3 e6 9. Bf4 a6 10. Qd2 Nc6 11. Bh6 Ne4 12. Qe3 f5 13. Bxg7 Kxg7 14. Rfd1 Bd7 15. Ne5 Nxe5 16. dxe5 Nxc3 17. bxc3 Bb5 18. Rac1 Rc8 19. Rd4 h6 20. g4 Qg5 21. gxf5 gxf5 22. f4 Qg4 23. Kf2 Qh4+ 24. Qg3+ Qxg3+ 25. hxg3 Rc5 26. Rb4 Rf7 27. e3 Rfc7 28. Bf1 Bc4 29. Bxc4 Rxc4 30. Rb6 1/2-1/2

[Event "Catalunya-ch Seniors"]
[Site "Santa Susanna"]
[Date "2013.05.07"]
[Round "4"]
[White "Tejero Royo, Fermin"]
[Black "Simon Padros, Emili"]
[Result "1/2-1/2"]
[WhiteElo "2088"]
[BlackElo "2221"]
[PlyCount "41"]
[EventDate "2013.05.04"]
[EventType "swiss"]
[EventRounds "9"]
[EventCountry "ESP"]
[SourceTitle "CBM 154 Extra"]
[Source "ChessBase"]
[SourceDate "2013.06.25"]
[SourceVersion "2"]
[SourceVersionDate "2013.06.25"]
[SourceQuality "1"]

1. d4 e6 2. c4 f5 3. Nc3 Nf6 4. g3 d5 5. Bg2 c6 6. Nf3 Bd6 7. Ne5 0-0 8. f4 Nbd7 9. e3 Ne4 10. Nxe4 fxe4 11. Bd2 Nxe5 12. fxe5 Be7 13. Rf1 Bd7 14. Qb3 Qb6 15. 0-0-0 Qxb3 16. axb3 g5 17. Rxf8+ Rxf8 18. Rf1 Rc8 19. c5 b6 20. b4 h5 21. Kc2 1/2-1/2

[Event "Catalunya-ch Seniors"]
[Site "Santa Susanna"]
[Date "2013.05.04"]
[Round "1"]
[White "Cornudella Felip, Josep"]
[Black "Tejero Royo, Fermin"]
[Result "0-1"]
[WhiteElo "1870"]
[BlackElo "2088"]
[PlyCount "44"]
[EventDate "2013.05.04"]
[EventType "swiss"]
[EventRounds "9"]
[EventCountry "ESP"]
[SourceTitle "CBM 154 Extra"]
[Source "ChessBase"]
[SourceDate "2013.06.25"]
[SourceVersion "2"]
[SourceVersionDate "2013.06.25"]
[SourceQuality "1"]

1. Nf3 d5 2. c4 e6 3. g3 Nf6 4. Bg2 Be7 5. 0-0 0-0 6. cxd5 exd5 7. d4 b6 8. Nc3 Bb7 9. Ne5 Nbd7 10. f4 c5 11. e3 Ne4 12. Bh3 Ndf6 13. g4 cxd4 14. exd4 Nxc3 15. bxc3 Ne4 16. Bb2 f6 17. Nd3 g6 18. Bg2 Bd6 19. Qc1 Qc7 20. Bxe4 dxe4 21. Nb4 a5 22. Nc2 g5 0-1